000 00486nam a2200157 i 4500
001 90019
003 ES-MaACL
005 20230906180327.0
007 t|
008 050117s1951 sp ||||1| spa d
100 1 _aLeek, Ben J.
_971203
245 1 2 _aA new book for reading, translating and practising the English language in two parts /
_cBen J. Leek.
260 _aMadrid :
_bAguilar,
_c[1951] (
_fCastilla)
300 _a2 t. en 1 v. ;
_c19 cm.
852 _aES-MaACL
_jD-8294
_bR.32044
999 _c90019
_d90019